|
|
|
|
| LEADER |
01843nam a2200481Ia 4500 |
| 001 |
EBC459719 |
| 003 |
MiAaPQ |
| 005 |
20200520144314.0 |
| 006 |
m o d | |
| 007 |
cr cn||||||||| |
| 008 |
090126s2009 dcuab sb i000 0 eng d |
| 010 |
|
|
|z 2008056022
|
| 020 |
|
|
|z 9780821379196
|
| 020 |
|
|
|z 0821379194
|
| 020 |
|
|
|z 9780821379233
|
| 020 |
|
|
|z 0821379232
|
| 035 |
|
|
|a (MiAaPQ)EBC459719
|
| 035 |
|
|
|a (Au-PeEL)EBL459719
|
| 035 |
|
|
|a (CaPaEBR)ebr10303333
|
| 035 |
|
|
|a (CaONFJC)MIL319650
|
| 035 |
|
|
|a (OCoLC)432993967
|
| 040 |
|
|
|a MiAaPQ
|c MiAaPQ
|d MiAaPQ
|
| 050 |
|
4 |
|a HC120.F55
|b C363 2009
|
| 100 |
1 |
|
|a Todoroki, Emiko.
|
| 245 |
1 |
4 |
|a The Canada-Caribbean remittance corridor
|h [electronic resource] :
|b fostering formal remittances to Haiti and Jamaica through effective regulation /
|c Emiko Todoroki, Matteo Vaccani, Wameek Noor.
|
| 260 |
|
|
|a Washington, D.C. :
|b World Bank,
|c c2009.
|
| 300 |
|
|
|a xxvii, 163 p. :
|b ill., col. map.
|
| 490 |
1 |
|
|a World Bank working paper,
|x 1726-5878 ;
|v no. 163
|
| 504 |
|
|
|a Includes bibliographical references.
|
| 533 |
|
|
|a Electronic reproduction. Ann Arbor, MI : ProQuest, 2015. Available via World Wide Web. Access may be limited to ProQuest affiliated libraries.
|
| 650 |
|
0 |
|a Migrant remittances
|z Canada.
|
| 650 |
|
0 |
|a Migrant remittances
|z Haiti.
|
| 650 |
|
0 |
|a Migrant remittances
|z Jamaica.
|
| 650 |
|
0 |
|a Foreign workers, Haitian
|z Canada.
|
| 650 |
|
0 |
|a Foreign workers, Jamaican
|z Canada.
|
| 650 |
|
0 |
|a Foreign workers
|x Legal status, laws, etc.
|z Canada.
|
| 655 |
|
4 |
|a Electronic books.
|
| 700 |
1 |
|
|a Vaccani, Matteo.
|
| 700 |
1 |
|
|a Noor, Wameek.
|
| 710 |
2 |
|
|a World Bank.
|
| 710 |
2 |
|
|a ProQuest (Firm)
|
| 830 |
|
0 |
|a World Bank working paper ;
|v no. 163.
|
| 856 |
4 |
0 |
|u https://ebookcentral.proquest.com/lib/matrademy/detail.action?docID=459719
|z Click to View
|